000 00855nam a2200265Ia 4500
003 OSt
005 20221005051516.0
006 a|||||r|||| 00| 0
007 ta
008 221004b |||||||| |||| 00| 0 eng d
020 _a9781472576248 (hbk)
_c6299.14
024 _a26292
037 _b1030655, 15/03/2016, Atlantic Publisher & Dist. Pvt Ltd.
_cTextual
040 _aCRL
_cCRL
_beng
041 _2eng
_aeng
082 _aR:(G), Q6
100 _aChakrabarti Arindam Ed.
245 0 _aComparative philsophy wihtout borders
260 _aLondon
_bBloomsbury UK
_c2016
300 _aviii, 246p.
_ccm.
650 _aPHILOSOPHY
700 _a Weber Ralph Ed.
_9596070
942 _hR:(G), Q6
_cTEXL
_2cc
999 _c958900
_d958900